Avión Pampa /

Historia del avión Pampa, ícono de la Fuerza Aerea Argentina, proyecto gestado durante el gobierno del Gral Juan Domingo Perón y su desarrollo en la industria aeronautica a lo largo de los años.

Guardado en:
Autor Principal: Lacolla, Fernando
Autores Corporativos: Canal Encuentro., INCAA., Ministerio de Educación de la Nación.
Formato: Deslizar
Publicado: Argentina, 2015
Series:Inoxidables, íconos De La Industria Cordobesa
Materias:
Acceso en línea:https://www.youtube.com/watch?v=1GtbplSzewk&list=PLZ6TIj4tHEIs9YW9EL5OggbWrP9W-%5Fy%5F4&index=2
Etiquetas: Agregar Etiqueta
Sin Etiquetas, Sea el primero en etiquetar este registro!
LEADER 01257ngm a22003495g 4500
001 CEM.cems024123
008 130507s2015##################0###0#####d
005 20250825151222.0
245 1 0 |a Avión Pampa /  |c Fernando Lacolla. 
260 |a Argentina,  |c 2015 
300 |a 26'. 
490 0 |a Inoxidables, íconos De La Industria Cordobesa 
500 |a Consultar en ventanilla. 
538 |a Soporte: DVD - Grabación DRD 
520 |a Historia del avión Pampa, ícono de la Fuerza Aerea Argentina, proyecto gestado durante el gobierno del Gral Juan Domingo Perón y su desarrollo en la industria aeronautica a lo largo de los años. 
100 1 |a Lacolla, Fernando 
710 2 |a Canal Encuentro. 
710 2 |a INCAA. 
710 2 |a Ministerio de Educación de la Nación. 
082 6 7 |/ LAC 
653 |a INDUSTRIA 
653 |a INDUSTRIA AERONAUTICA 
653 |a HISTORIA 
653 |a PERONISMO 
653 |a AVIONES 
653 |a IAME 
653 |a PAMPA 
653 |a PULQUI 
653 |a FUERZA AEREA ARGENTINA 
653 |a PROGRAMA DE TELEVISIÓN 
856 |u https://www.youtube.com/watch?v=1GtbplSzewk&list=PLZ6TIj4tHEIs9YW9EL5OggbWrP9W-%5Fy%5F4&index=2 
859 |a CEMS  |b BIB. CEMS - Depto. Recursos Didacticos  |h 670  |i LAC  |k DRD  |p 2766.19  |t Ej.1